Rozpoznanie podobnosti textov, programových kódov

Gespeichert in:
Bibliographische Detailangaben
1. Verfasser: Petrík, Juraj (Verfasst von)
Weitere Verfasser: Kováč, Michal (Betreuung Doktorarbeit)
Format: Manuskript Buch
Sprache:Slowakisch
Englisch
Veröffentlicht: 2025
Schlagworte:
Online-Zugang:http://is.stuba.sk/zp/portal_zp.pl?podrobnosti=173537
Tags: Tag hinzufügen
Keine Tags, Fügen Sie das erste Tag hinzu!

MARC

LEADER 00000ntm a22000003a 4500
001 stuzp91788
003 SK-STU
005 20250920210335.6
007 ta
008 150427s2015----xo-----f-mn---000-0-slo-d
040 |a STU  |b slo 
041 0 |a eng 
100 1 |a Petrík, Juraj  |u 070200  |k Z3  |4 aut  |U FIIT Fakulta informatiky a informačných technológií  |T FIIT Ústav informatiky, informačných systémov a softvérového inžinierstva  |X 5731  |U I200  |Y 179  |7 A000005731 
242 0 1 |a Rozpoznanie podobnosti textov, programových kódov  |y slo 
245 1 0 |a Rozpoznanie podobnosti textov, programových kódov 
260 |c 2025 
650 4 |a stylometria  |2 slo 
650 4 |a zdrojovy kod  |2 slo 
650 4 |a spracovanie prirodzeneho jazyka  |2 slo 
650 4 |a source code  |2 eng 
650 4 |a stylometry  |2 eng 
650 4 |a natural language processing  |2 eng 
650 4 |a authorship  |2 eng 
700 1 |a Kováč, Michal  |u 070200  |k Z1  |4 ths  |U FIIT Fakulta informatiky a informačných technológií  |T FIIT Ústav informatiky, informačných systémov a softvérového inžinierstva  |X 110756  |U I200  |Y 179  |7 110756 
856 4 |u http://is.stuba.sk/zp/portal_zp.pl?podrobnosti=173537